| 000 | 00735nam a2200265Ia 4500 | ||
|---|---|---|---|
| 008 | 171120s9999 xx 000 0 und d | ||
| 020 | _a688065023 | ||
| 050 | _a246.55 | ||
| 050 | _bC689 1989 | ||
| 100 | _aCole, Joanna | ||
| 245 | 2 | _aA gift from Saint Francis / | |
| 245 | _cby Joanna Cole ; illustrated by Michele Lemieux. | ||
| 260 | _aUSA : | ||
| 260 | _bMorrow Junior Books, | ||
| 260 | _c1989 | ||
| 300 | _aunpaged : | ||
| 300 | _bcolor illustration ; | ||
| 300 | _c25cm. | ||
| 650 | _aCreches (Nativity scenes) -- | ||
| 650 | _aFrancis, of Assissi, Saint, -- | ||
| 650 | _x1182-1226 -- Juvenile literature. | ||
| 650 | _xHistory -- Juvenile literature. | ||
| 700 | _aLemieux, Michele. | ||
| 700 | _aTitle. | ||
| 999 |
_c345437 _d345437 |
||